[Event "ROM-ch U10 Boys"]
[Site "Voineasa"]
[Date "2008.04.16"]
[Round "7"]
[White "Gheorghita, Adrian"]
[Black "Oltean, Vlad Ioan"]
[Result "0-1"]
[WhiteElo "488"]
[BlackElo "401"]
[PlyCount "98"]
[EventDate "2008.04.08"]
[EventType "swiss"]
[EventRounds "9"]
[EventCountry "ROU"]
[SourceTitle "EXT 2013"]
[Source "ChessBase"]
[SourceDate "2012.11.22"]
[SourceVersion "1"]
[SourceVersionDate "2012.11.22"]
[SourceQuality "1"]

1. e4 e5 2. Nf3 Nc6 3. Nc3 Bb4 4. Bb5 Bxc3 5. Bxc6 dxc6 6. dxc3 Qxd1+ 7. Kxd1 Bg4 8. h3 Bxf3+ 9. gxf3 Nf6 10. Rg1 Rg8 11. Bg5 0-0-0+ 12. Kc1 h6 13. Be3 a6 14. Bc5 b6 15. Be7 Rde8 16. Bxf6 gxf6 17. Rxg8 Rxg8 18. Kd2 Rg2 19. Ke3 Rh2 20. Rg1 Kd7 21. Rg8 Rxh3 22. Ke2 Ke6 23. Kf1 Rxf3 24. Rc8 Kd7 25. Rf8 Rf4 26. Rxf7+ Kd6 27. Rh7 Rxe4 28. Rxh6 Rf4 29. a3 c5 30. b3 Kd5 31. Ke2 c4 32. a4 b5 33. axb5 axb5 34. f3 e4 35. fxe4+ Kxe4 36. Rh7 c6 37. bxc4 bxc4 38. Re7+ Kd5 39. Ke3 Rf5 40. Rd7+ Kc5 41. Ke4 Rf2 42. Rf7 Rxc2 43. Rxf6 Rxc3 44. Rf5+ Kb4 45. Rf6 Kb5 46. Rf3 Rxf3 47. Kxf3 Kb4 48. Ke2 Kc3 49. Kd1 Kb2 0-1